A TEXTBOOK HERBAL COSMETICS (Record no. 22947)

MARC details
000 -LEADER
fixed length control field 00361nam a22001577a 4500
003 - CONTROL NUMBER IDENTIFIER
control field SGT
020 ## - INTERNATIONAL STANDARD BOOK NUMBER
International Standard Book Number 9781543344486
082 ## - DEWEY DECIMAL CLASSIFICATION NUMBER
Classification number 615.19
Item number H20S
100 ## - MAIN ENTRY--PERSONAL NAME
Personal name SHARMA SANJAY KUMAR
245 ## - TITLE STATEMENT
Title A TEXTBOOK HERBAL COSMETICS
260 ## - PUBLICATION, DISTRIBUTION, ETC. (IMPRINT)
Place of publication, distribution, etc PANJAB
Name of publisher, distributor, etc P.V. (S. VIKASH)
Year of Publication 2020
300 ## - PAGE DESCRIPTION
No. of Pages I:9
650 ## - SUBJECT ADDED ENTRY--TOPICAL TERM
Topical term or geographic name as entry element COSMETICS
653 ## - KEYWORDS--INDEX TERM
Keyword term HERBAL COSMETICS
942 ## - ADDED ENTRY ELEMENTS (KOHA)
Source of classification or shelving scheme Dewey Decimal Classification
Koha item type Books
Holdings
Withdrawn status Lost status Source of classification or shelving scheme Damaged status Use restrictions Not for loan Collection code Home library Current library Shelving location Date acquired Vendor Name Cost, normal purchase price SGTU Bill Number Full call number Accession No. (Barcode) Date last seen Bill Date Koha item type
    Dewey Decimal Classification   Restricted Access   PHARMACY SGT FA-FP Library SGT FA-FP Library Reference Book 27/06/2022 AHUJA PUBLICATION 255.00 SGTU 14474 615.19 H20S FP4337 27/06/2022 19/05/2022 Books